000 00684cam a22002413a 4500
001 14236
003 PGUSA
005 20140828083315.0
008 041202s2004||||xxu|||||s|||||000 1 eng d
040 _aPGUSA
_beng
042 _adc
050 4 _aPQ
100 1 _aOhnet, Georges,
_d1848-1918
245 1 0 _aEn el Fondo del Abismo :
_bLa Justicia Infalible
_h[electronic resource] /
_cGeorges Ohnet
260 _bProject Gutenberg,
_c2004
506 _aPublic domain in the USA.
516 _aElectronic text
653 _aFiction
740 0 _aAu fond du gouffre. Spanish
830 0 _aProject Gutenberg
_v14236
856 4 0 _uhttp://www.gutenberg.org/ebooks/14236
942 _cEB
999 _c243491
_d243491